000 02026nam a2200337Ia 4500
999 _c41562
_d41562
001 8230
003 GE_BSU
005 20240411175311.0
008 181216s2011||||ge |||||||||||||| ||geo||
020 _a9789941032806
040 _cGE_BSU
041 _ageo
100 _aმეტრეველი, მარინა
_921775
245 _aტურიზმის ეკონომიკა და პოლიტიკა = Tourism economics and policy /
_cმარინა მეტრეველი ; [სარედ. კოლ.: მიხეილ ჯიბუტი და სხვ.] ; თარგმ. ეკატერინე კიკვაძე (რუს., ინგლ.) ; ფოტოები ავთანდილ მეტრეველი]
250 _a(I-ლი გამოც.)
264 _aთბილისი :
_bფავორიტი,
_c2011.
300 _a510 გვ. :
_bსურ.,
_c21 სმ.
_eცხრილები.
500 _aდანართები : გვ. 349-509
504 _aბიბლიოგრაფია თავების ბოლოს
541 _h40ლ.
653 _aTourism economics and Policy
653 _aტურიზმის ეკონომიკა და პოლიტიკა
653 _aტურიზმის ეკონომიკა
653 _aსახელმძღვანელოები უმაღლესი სასწავლებლებისათვის
700 _aჯიბუტი, მიხეილ
_eრედაქტორი
_921776
700 _aონოფრიშვილი, დავით
_eრედაქტორი
_9835
700 _aწერეთელი, მარი
_eრედაქტორი
_921777
700 _aკაკულია, ნაზირა
_eრედაქტორი
_921778
700 _aკიკვაძე, ეკატერინე
_eმთარგმნელი
_912973
942 _cBK
_2udc